Statistics for Amusment Park Battles-Part 1

Click here to take the quiz!

General Stats

  • This quiz has been taken 6 times
  • The average score is 7 of 8

Answer Stats

HintModel (YearAnswer% Correct
Busch Gardens WilliamsburgB&M Inverted Coaster (1997)Alpengeist
100%
Busch Gardens TampaIntamin Multi Launch (2011)Cheetah Hunt
100%
Busch Gardens TampaB&M Inverted Coaster (1996)Montu
100%
Busch Gardens WilliamsburgIntamin Multi Launch (2022)Pantheon
100%
Busch Gardens TampaB&M Dive Coaster (2005)Sheikra
100%
Busch Gardens WilliamsburgB&M Dive Coaster (2007)Griffon
80%
Busch Gardens TampaPremier Sky Rocket II (2019)Tigris
80%
Busch Gardens WilliamsburgPremier Sky Rocket II (2015)Tempesto
60%

Score Distribution

Percentile by Number Answered

Percent of People with Each Score

Your Score History

You have not taken this quiz